[Event "EST-ch U20"]
[Site "Tallinn"]
[Date "2010.??.??"]
[Round "5"]
[White "Lapidus, Mark"]
[Black "Moltsanov, Ivan"]
[Result "1/2-1/2"]
[WhiteElo "1977"]
[BlackElo "2100"]
[PlyCount "91"]
[EventDate "2010.05.13"]
[EventType "tourn"]
[EventRounds "7"]
[EventCountry "EST"]
[SourceTitle "EXT 2018"]
[Source "ChessBase"]
[SourceDate "2017.10.13"]
[SourceVersion "1"]
[SourceVersionDate "2017.10.13"]
[SourceQuality "1"]

1. Nf3 Nf6 2. c4 g6 3. Nc3 Bg7 4. d4 d6 5. Bf4 0-0 6. e3 Nbd7 7. h3 Re8 8. Be2 e6 9. 0-0 Qe7 10. Re1 h6 11. Bh2 a6 12. Rc1 e5 13. b4 e4 14. Nd2 Nf8 15. Qc2 g5 16. Nd5 Nxd5 17. cxd5 Rd8 18. Qxc7 Rd7 19. Qc2 f5 20. g4 Rd8 21. gxf5 Bxf5 22. Bg4 Rac8 23. Bxf5 Rxc2 24. Rxc2 Qf7 25. Bxe4 Re8 26. Rec1 Qf6 27. Bg2 Qg6 28. Rc7 h5 29. Rxb7 g4 30. h4 Bh6 31. Nf1 Qf6 32. Bg3 Ng6 33. Rd7 Bf8 34. Rcc7 Be7 35. Nd2 Qf8 36. Ne4 Rc8 37. Rb7 Rd8 38. Nxd6 Rxd7 39. Rxd7 Nxh4 40. Bxh4 Bxh4 41. Ne4 Qxb4 42. d6 Qe1+ 43. Kh2 Bxf2 44. Nf6+ Kf8 45. Nh7+ Ke8 46. Nf6+ 1/2-1/2

[Event "EST-ch U20"]
[Site "Tallinn"]
[Date "2010.??.??"]
[Round "1"]
[White "Lapidus, Mark"]
[Black "Narva, Triin"]
[Result "1-0"]
[WhiteElo "1977"]
[BlackElo "1932"]
[PlyCount "119"]
[EventDate "2010.05.13"]
[EventType "tourn"]
[EventRounds "7"]
[EventCountry "EST"]
[SourceTitle "EXT 2018"]
[Source "ChessBase"]
[SourceDate "2017.10.13"]
[SourceVersion "1"]
[SourceVersionDate "2017.10.13"]
[SourceQuality "1"]

1. Nf3 Nf6 2. c4 g6 3. Nc3 Bg7 4. g3 d6 5. Bg2 0-0 6. d3 Nbd7 7. 0-0 e5 8. e4 h6 9. h3 Nh7 10. Be3 Nc5 11. Nxe5 Nxe4 12. dxe4 dxe5 13. Bc5 Re8 14. Qe2 c6 15. Rad1 Qg5 16. Be3 Qe7 17. Qd2 Be6 18. b3 g5 19. Na4 Rad8 20. Qc2 b6 21. Nb2 Nf8 22. a4 Bc8 23. a5 bxa5 24. Ra1 Ne6 25. Rxa5 Nd4 26. Bxd4 Rxd4 27. Na4 Qc7 28. Qc3 Red8 29. Nb2 Rd2 30. Rfa1 a6 31. c5 Qe7 32. Nc4 R2d3 33. Qc2 Qf6 34. Nd6 R8xd6 35. cxd6 Qxd6 36. Bf1 Rd2 37. Qc5 Qd4 38. R1a4 Qxc5 39. Rxc5 Rd1 40. Kg2 Bf6 41. Rxc6 Be6 42. Bc4 Bxc4 43. Raxc4 Kg7 44. Rxa6 Rd3 45. b4 Rb3 46. Rb6 Bd8 47. Rb7 Ba5 48. Rb5 Bd8 49. Rxe5 Bf6 50. Rf5 Be7 51. b5 Bd8 52. Rc6 f6 53. Rd6 Be7 54. Rd7 Kf7 55. Rb7 Rb4 56. Kf3 Rb3+ 57. Ke2 Rb2+ 58. Ke3 Rb3+ 59. Kd4 Ke6 60. Rb6+ 1-0

[Event "Tallinn-ch final"]
[Site "Tallinn"]
[Date "2009.12.19"]
[Round "9"]
[White "Lapidus, Mark"]
[Black "Rauk, Tonu"]
[Result "1/2-1/2"]
[WhiteElo "1956"]
[BlackElo "2210"]
[PlyCount "89"]
[EventDate "2009.12.11"]
[EventType "tourn"]
[EventRounds "9"]
[EventCountry "EST"]
[SourceTitle "EXT 2011"]
[Source "ChessBase"]
[SourceDate "2010.11.26"]
[SourceVersion "1"]
[SourceVersionDate "2010.11.26"]
[SourceQuality "1"]

1. c4 Nf6 2. d4 e6 3. Nf3 b6 4. e3 Bb7 5. Nc3 Be7 6. Bd3 d5 7. 0-0 Nbd7 8. b3 Ne4 9. Bb2 0-0 10. Nd2 Nxc3 11. Bxc3 Nf6 12. Qe2 Ne4 13. Bb2 Bd6 14. Rac1 Qe7 15. Bxe4 dxe4 16. c5 bxc5 17. dxc5 Bxc5 18. Qc4 Bb6 19. Nxe4 Rfd8 20. Ng3 Qg5 21. h4 Qg6 22. Be5 Rd2 23. h5 Qg5 24. Bf4 Qa5 25. h6 Bd5 26. b4 Qxa2 27. Qc3 Qb2 28. e4 Rxf2 29. Qxb2 Rxb2+ 30. Kh1 Bb7 31. hxg7 Rxb4 32. Nh5 Rb5 33. e5 Rb2 34. Rg1 Bxg1 35. Bh6 f5 36. Nf6+ Kf7 37. Kxg1 Rxg2+ 38. Kf1 Rc8 39. Rd1 Bc6 40. Rc1 Bf3 41. Rc3 Bb7 42. Rb3 Bc6 43. Rc3 Bb7 44. Rb3 Bc6 45. Rc3 1/2-1/2

[Event "Tallinn-ch final"]
[Site "Tallinn"]
[Date "2009.12.18"]
[Round "8"]
[White "Haitin, Ilja"]
[Black "Lapidus, Mark"]
[Result "1-0"]
[WhiteElo "2224"]
[BlackElo "1956"]
[PlyCount "75"]
[EventDate "2009.12.11"]
[EventType "tourn"]
[EventRounds "9"]
[EventCountry "EST"]
[SourceTitle "EXT 2011"]
[Source "ChessBase"]
[SourceDate "2010.11.26"]
[SourceVersion "1"]
[SourceVersionDate "2010.11.26"]
[SourceQuality "1"]

1. e4 e6 2. d4 d5 3. e5 c5 4. Nf3 Nc6 5. Bd3 Qb6 6. dxc5 Bxc5 7. 0-0 Nge7 8. c3 a5 9. a4 Bd7 10. Na3 h6 11. Nb5 g5 12. Nd6+ Bxd6 13. exd6 Nc8 14. Be3 Qd8 15. c4 Nxd6 16. cxd5 exd5 17. Bc5 Be6 18. Nd4 Qd7 19. Rc1 Ne4 20. Bxe4 dxe4 21. Nb5 0-0-0 22. Bd6 Rdg8 23. Bg3 f5 24. Be5 Rh7 25. Qe2 Bd5 26. Rfd1 Qe6 27. Na7+ Kd8 28. Rxd5+ Qxd5 29. Rd1 Rd7 30. Rxd5 Rxd5 31. Nxc6+ bxc6 32. Bc3 Kc7 33. g4 Re8 34. gxf5 Rxf5 35. Qa6 Re6 36. Bxa5+ Kd6 37. Bd2 Rd5 38. Be3 1-0

[Event "Tallinn-ch final"]
[Site "Tallinn"]
[Date "2009.12.17"]
[Round "7"]
[White "Moltsanov, Ivan"]
[Black "Lapidus, Mark"]
[Result "1/2-1/2"]
[WhiteElo "2098"]
[BlackElo "1956"]
[PlyCount "33"]
[EventDate "2009.12.11"]
[EventType "tourn"]
[EventRounds "9"]
[EventCountry "EST"]
[SourceTitle "EXT 2011"]
[Source "ChessBase"]
[SourceDate "2010.11.26"]
[SourceVersion "1"]
[SourceVersionDate "2010.11.26"]
[SourceQuality "1"]

1. e4 e6 2. d4 d5 3. exd5 exd5 4. Bd3 Nf6 5. Ne2 Bd6 6. 0-0 0-0 7. Bf4 Bg4 8. f3 Bh5 9. c3 Bg6 10. Bxg6 hxg6 11. Qd3 Bxf4 12. Nxf4 Qd6 13. g3 Nbd7 14. Nd2 Rfe8 15. Rae1 c6 16. Nb3 Re7 17. Qd2 1/2-1/2

[Event "Tallinn-ch final"]
[Site "Tallinn"]
[Date "2009.12.16"]
[Round "6"]
[White "Lapidus, Mark"]
[Black "Holvason, Juri"]
[Result "1-0"]
[WhiteElo "1956"]
[BlackElo "2123"]
[PlyCount "119"]
[EventDate "2009.12.11"]
[EventType "tourn"]
[EventRounds "9"]
[EventCountry "EST"]
[SourceTitle "EXT 2011"]
[Source "ChessBase"]
[SourceDate "2010.11.26"]
[SourceVersion "1"]
[SourceVersionDate "2010.11.26"]
[SourceQuality "1"]

1. Nf3 Nf6 2. c4 g6 3. Nc3 Bg7 4. g3 0-0 5. Bg2 d6 6. 0-0 e5 7. d3 Nc6 8. e4 h6 9. h3 Nd7 10. Nh4 a5 11. Be3 Nc5 12. Nd5 Nd4 13. Kh2 Kh7 14. Qd2 g5 15. Nf3 c6 16. Nc3 Bxh3 17. Nxd4 Bxg2 18. Nf5 Bxf1 19. Rxf1 Ne6 20. Kg2 b5 21. cxb5 d5 22. exd5 cxd5 23. d4 Qf6 24. Nxg7 Qxg7 25. dxe5 Qxe5 26. Qxd5 Qxd5+ 27. Nxd5 f5 28. f4 Rad8 29. Rd1 gxf4 30. gxf4 Kh8 31. b6 Rd6 32. Kf2 Rfd8 33. Rh1 Kg7 34. Nc3 Nf8 35. Nb5 Rc6 36. Nd4 Rf6 37. Rc1 Kg6 38. Nc6 Re8 39. Ne5+ Kh7 40. Rc7+ Kg8 41. b7 Ne6 42. Rc8 Rff8 43. b8Q Rxc8 44. Qd6 Rfe8 45. Nc6 Rc7 46. Qd5 Rf7 47. Qxa5 h5 48. Ne5 Rg7 49. Qb5 Ree7 50. Nf3 Rc7 51. Qxf5 Nf8 52. Bd4 Rg6 53. Ne5 Rh6 54. Qg5+ Kh7 55. Nf3 Ne6 56. Qf5+ Kg8 57. Be5 Rf7 58. Qe4 h4 59. f5 Nf8 60. Qg4+ 1-0